Cities by Other Cities in Urban Area Quiz #3 - Statistics

General Stats
  • This quiz has been taken 35 times
  • The average score is 11 of 20
Answer Stats
Other Cities Population City % Correct
Versailles 11.40 mil Paris
97%
Providence, Cambridge 7.75 mil Boston
91%
The Hague 3.25 mil Rotterdam
91%
Gold Coast 3.15 mil Brisbane
78%
Akron 3.08 mil Cleveland
78%
Lakeland, St. Petersburg, Sarasota 4.38 mil Tampa
78%
Aurora, Napeville 9.75 mil Chicago
75%
Bellevue, Everett 4.43 mil Seattle
72%
Wiebaden/Mainz, Darmstadt 3.25 mil Frankfurt
69%
Dayton 2.78 mil Cincinnati
59%
Islamabad 3.45 mil Rawalpindi
53%
Johor Bahru 7.90 mil Singapore
50%
Zapopan 5.35 mil Guadalajara
44%
Gebze 16.00 mil Istanbul
41%
Shaoxing 8.45 mil Hangzhou
22%
Fushun 8.00 mil Shenyang
19%
Raipur 2.90 mil Bhilai
16%
Lamongan, Gresik 6.10 mil Surabaya
16%
Liaoyang 2.63 mil Anshan
13%
Rui'an 5.35 mil Wenzhou
13%
No matching quizzes found
Score Distribution
Percent of People with Each Score
Percentile by Number Answered
Your Score History
You have not taken this quiz